| 000 | 00949cam a22003015i 4500 | ||
|---|---|---|---|
| 001 | 17631329 | ||
| 003 | OSt | ||
| 005 | 20160107151050.0 | ||
| 008 | 130220s2011 enka 001 0 eng | ||
| 010 | _a 2012538740 | ||
| 020 | _a9780521182942 | ||
| 040 |
_aDLC _beng _cDLC _erda |
||
| 042 | _apcc | ||
| 050 |
_aQD 33.2 _b.Ow97 2011 |
||
| 082 |
_aIB 540 _bOw97 2011 |
||
| 100 | 1 | _aOwen, Steve. | |
| 245 | 1 | 0 |
_aChemistry for the IB diploma _cSteve Owen with Caroline Ahmed, Chris Martin, Roger Woodward |
| 260 |
_aUnited Kingdom : _bCambridge University Press, _cc2011. |
||
| 300 |
_avi, 538 p. _bcol : ill. ; _c28 cm |
||
| 500 | _aIncludes index. | ||
| 562 | _e1 | ||
| 650 | 0 |
_aChemistry _xExaminations _vStudy guides. |
|
| 650 | 0 |
_aInternational baccalaureate _vStudy guides. |
|
| 906 |
_a0 _bibc _corigres _d2 _encip _f20 _gy-gencatlg |
||
| 942 |
_2lcc _cBK |
||
| 999 |
_c3451 _d3451 |
||